Glyco-recognition by microarray and SPR biochips

Salvato in:
Dettagli Bibliografici
Autore principale: Damborský, Pavel (Autore)
Altri autori: Katrlík, Jaroslav (Relatore della tesi)
Natura: Manoscritto Libro
Lingua:slovacco
inglese
Pubblicazione: 2017
Soggetti:
Accesso online:http://is.stuba.sk/zp/portal_zp.pl?podrobnosti=111569
Tags: Aggiungi Tag
Nessun Tag, puoi essere il primo ad aggiungerne!!

MARC

LEADER 00000ntm a22000003a 4500
001 stuzp42657
003 SK-STU
005 20170826210242.7
007 ta
008 150427s2015----xo-----f-mn---000-0-slo-d
040 |a STU  |b slo 
041 0 |a eng 
100 1 |a Damborský, Pavel  |u 044000  |k Z3  |4 aut  |U FCHPT Fakulta chemickej a potravinárskej technológie  |T FCHPT Ústav biotechnológie  |X 65301  |U C4000  |Y 102  |7 65301 
242 0 1 |a Glykomické rozpoznávanie pomocou microarray a SPR biočipov  |y slo 
245 1 0 |a Glyco-recognition by microarray and SPR biochips 
260 |c 2017 
650 4 |a rakovina prostaty  |2 slo 
650 4 |a glykozylácia  |2 slo 
650 4 |a lektín  |2 slo 
650 4 |a glykán  |2 slo 
650 4 |a biosenzor  |2 slo 
650 4 |a glycan  |2 eng 
650 4 |a biosensor  |2 eng 
650 4 |a glycosylation  |2 eng 
650 4 |a lectin  |2 eng 
650 4 |a prostate cancer  |2 eng 
700 1 |a Katrlík, Jaroslav  |4 ths  |X 73771  |7 73771 
856 4 |u http://is.stuba.sk/zp/portal_zp.pl?podrobnosti=111569